000 00286nam a22001337a 4500
008 170804b xxu||||| |||| 00| 0 eng d
020 _a9781256563280
041 _aeng
080 _a004
100 _a33
101 _aSHKI
245 _aCUSTOM PROGRAM
_cCUSTOM PHIT
942 _2udc
_cBK
999 _c22706
_d22706